Statistics for Top 40 Country Artists of 2017

Click here to take the quiz!

General Stats

  • This quiz has been taken 29 times
  • The average score is 16 of 40

Answer Stats

Artist% Correct
23Carrie Underwood
83%
8Blake Shelton
72%
4Florida Georgia Line
72%
3Thomas Rhett
67%
30Tim McGraw
67%
10Luke Bryan
61%
5Luke Combs
61%
16Miranda Lambert
61%
20Old Dominion
61%
35Brad Paisley
56%
2Chris Stapleton
56%
7Keith Urban
56%
12Kenny Chesney
56%
13Zac Brown Band
56%
37Dan + Shay
50%
14Jason Aldean
50%
1Sam Hunt
50%
38Carly Pearce
44%
15Eric Church
44%
11Kane Brown
44%
6Brett Young
39%
40Darius Rucker
39%
9Jon Pardi
39%
25Cole Swindell
33%
19Dustin Lynch
33%
34Dylan Scott
33%
29Chris Young
28%
26Dierks Bentley
28%
39Josh Turner
28%
24Kelsea Ballerini
28%
28Lady Antebellum
28%
33Midland
28%
32Rascal Flatts
28%
31Brothers Osborne
17%
17Garth Brooks
17%
18Maren Morris
17%
22Little Big Town
11%
36Lauren Alaina
6%
21Brantley Gilbert
0%
27Brett Eldredge
0%

Score Distribution

Percentile by Number Answered

Percent of People with Each Score

Your Score History

You have not taken this quiz